000 00653nam a2200217Ia 4500
003 IN-BaIIA
008 211028s9999 xx 000 0 eng d
040 _cIIA Library
080 _a524.3-82
_bMEN
100 _aMenzel, Donald H.
_91294
245 0 _aStellar interiors
_cD.H. Menzel, P.L. Bhatnagar and H.K. Sen
260 _aLondon
_bChapman and Hall
_c1963
300 _axiii, 317p.
490 _aThe International astrophysics series; v. 6
650 _aAstronomy and astrophysics thesaurus
650 _aStellar interiors
_91247
650 _aStellar structure
700 _aBhatnagar, P.L.
_94469
700 _aSen, H.K.
_94470
942 _cBK
999 _c2502
_d2502